Państwa z największymi drzewami - Statystyki

Ogólne statystyki
  • Ten quiz został rozwiązany 13 razy
  • Średni wynik to 10 z 15
Statystyki odpowiedzi
ok. m Odpowiedź % Poprawnych
115 Stany Zjednoczone
100%
60 Brazylia
91%
67 Kanada
91%
43 Chiny
82%
55 Rosja
82%
99 Australia
73%
35 Indie
73%
45 Kolumbia
73%
70 Indonezja
55%
70 Malezja
45%
45 Nowa Zelandia
45%
30 Tanzania
45%
30 Madagaskar
36%
32 Zambia
36%
60 Papua Nowa-Gwinea
27%
Nie znaleziono quizów pasujących do podanych kryteriów
Rozkład punktacji
Procent ludzi z każdym wynikiem
Percentyl według liczby udzielonych odpowiedzi
Twoja historia wyników
Nie rozwiązałeś tego quizu